000 01215naa a22003017a 4500
001 BR8400485
003 BR-BrBNA
005 20250721154430.0
007 ta
008 250630b bl.|||m| |||| 00| 0 por d
040 _aBR-BrBNA
_bpor
_cBiblioteca Nacional de Agricultura
041 _a(Pt)
072 _aF27
_b0120
_b1410
090 _aF27 BR8400485
100 1 _aRamalho, M.A.P.
100 1 _aTeixeira, A.L.S.
245 1 _aMecanizacao do milho e feijao consorciados [Zea mays, Phaseolus vulgaris]
246 1 _a[Mechanization of associated maize and beans [Zea mays, Phaseolus vulgaris]]
246 1 _a[Mechanization of maize crop using animal traction]
500 _aMecanizacao na cultura do milho utilizando a tracao animal Sete Lagoas, MG (Brasil): 1983. p. 87-103 [8 illus.; 9 ref.] (BR8400485-AMS)
773 0 _tMecanizacao na cultura do milho utilizando a tracao animal
_wF27 BR8400485
_gSete Lagoas, MG (Brasil), 1983. p. 87-103
650 _aMILHO
650 _aFEIJAO
650 _aCONSORCIACAO DE CULTURA
490 _aCircular Tecnica - Centro Nacional de Pesquisa de Milho e Sorgo (Brazil)
_vno. 9
_xISSN 0100-8013
942 _cAMS
_2AGRIS
909 _a202506
_bLúcia
_c55
_dLúcia Elande
999 _c334719
_d334719